000 00487nam a2200157 a 4500
001 000006876
005 20200929154020.0
008 090903s2001 dr 001 0 spa d
040 _aDO-SdBNP
_bspa
_cBNPHU
082 _axxx
_bI587m
100 1 _aInoa López, Inocencio
_d1928
_919080
245 1 3 _aEl mundo de los refranes :
_bpoesías, décimas y adivinanzas.
260 _aSanto Domingo, :
_bAmalba,
_c2001.
300 _a89 p. ;
_c18 cm.
700 1 _aInoa P., Angel Eligio
_eprólogo
_919081
999 _c6664
_d6664